Colección de documentos para la historia de Costa Rica relativos al cuarto y último viaje de Crístobal Colón (Registro nro. 15975)

Detalles MARC
000 -CABECERA
Longitud fija campo de control 00739nam a2200205 a 4500
001 - NÚMERO DE CONTROL
Número de control ES-MaREB00767017-0
003 - IDENTIFICADOR DELl NÚMERO DE CONTROL
Identificador del número de control OSt
005 - FECHA Y HORA DE LA ÚLTIMA TRANSACCIÓN
Fecha y hora de la última transacción 20141213100038.0
008 - CÓDIGOS DE INFORMACIÓN DE LONGITUD FIJA
Códigos de información de longitud fija 060522s1952 esp e 000 1 spa d
040 ## - FUENTE DE LA CATALOGACIÓN
Centro transcriptor BMC
082 ## - NÚMERO DE LA CLASIFICACIÓN DECIMAL DEWEY
Númeroo de clasificación 972.86
082 ## - NÚMERO DE LA CLASIFICACIÓN DECIMAL DEWEY
Númeroo de clasificación 972.802
245 00 - MENCIÓN DE TÍTULO
Título Colección de documentos para la historia de Costa Rica relativos al cuarto y último viaje de Crístobal Colón
260 ## - PUBLICACIÓN, DISTRIBUCIÓN, ETC. (PIE DE IMPRENTA)
Lugar de publicación, distribución, etc. San José, Costa Rica
Nombre del editor, distribuidor, etc. Academia de Geografía e Historia de Costa Rica
Fecha de publicación, distribución, etc. 1952
300 ## - DESCRIPCIÓN FÍSICA
Extensión XXXI, 331 p., [1] h. de map. pleg.
Otras características físicas il.
Dimensiones 26 cm
600 24 - PUNTO DE ACCESO ADICIONAL DE MATERIA - NOMBRE DE PERSONA
9 (RLIN) 614
Nombre de persona Colón, Cristóbal
651 24 - PUNTO DE ACCESO ADICIONAL DE MATERIA - NOMBRE GEOGRÁFICO
Nombre geográfico Costa Rica
Subdivisión de materia general Historia
Subdivisión cronológica S.XVI-
Subdivisión de forma Fuentes
9 (RLIN) 3670
651 24 - PUNTO DE ACCESO ADICIONAL DE MATERIA - NOMBRE GEOGRÁFICO
Nombre geográfico América
Subdivisión de materia general Descubrimientos y exploraciones
-- Españoles
9 (RLIN) 3671
942 ## - ENTRADA DE ELEMENTOS AGREGADOS (KOHA)
Fuente de clasificaión o esquema Dewey Decimal Classification
Koha [por defecto] tipo de item 1- Monografias
Existencias
Suprimido Perdido Fuente de clasificación o esquema Estropeado Restricciones de uso No para préstamo Código de colección Localización permanente Localización actual Localización en estanter&íacute;as Fecha adquisición Fuente de adquisición Número de inventario Préstamos totales Signatura completa Código de barras Fecha última consulta Fecha del precio de reemplazo Tipo de item de Koha
NULL NULL Dewey Decimal Classification NULL Prestable NULL NULL Biblioteca Miguel de Cervantes - UNICAES Biblioteca Miguel de Cervantes - UNICAES Sala Principal 22/11/2014 Donación - Mayorga Rivas 025017   972.86 COL 1025427 22/11/2014 22/11/2014 1- Monografias